Pays où le port d’arme à feu est légal - Statistiques

Statistiques générales
  • Ce quiz a été pris 50 fois
  • Le résultat moyen est 5 sur 14
Statistiques - réponses
Hint Réponse % Correct
12# États-Unis
98%
4# République du Congo
55%
3# Tchad
48%
8# Nigeria
45%
11# Tanzanie
33%
13# Yémen
33%
10# Sénégal
31%
5# Honduras
26%
7# Namibie
24%
9# Pakistan
24%
14# Zambie
21%
1# Albanie
12%
2# Autriche
10%
6# Micronésie
2%
Aucun quiz correspondant
Distribution des résultats
% des personnes avec chaque résultat
Percentile par nombre de réponses
Votre historique - résultats
Vous n’avez pas pris ce quiz